000 00739namaa2200217 i 4500
001 178926
003 ES-MaACL
005 20250808011059.0
008 110810s1904 fr | |||| ||fre d
080 _a573
100 1 _aLe Dantec, Félix.
_970865
245 1 0 _aThéorie nouvelle de la vie /
_cpar Félix Le Dantec.
250 _a3ém. ed. rev.
260 _aParis :
_bAncienne Librairie Germer Baillière et Cª :
_bFelix Alcan, Editeur,
_c1904.
300 _a323 p. :
_bil. ;
_c22 cm.
490 1 _aBibliothèque scientifique internationale ;
_v83
650 7 _aVida (Biología)
_2embne
_9136981
830 0 _aBibliothèque scientifique internationale ;
_v83
_9186949
852 _aES-MaACL
_jF-14412
999 _c178926
_d178926